The Building Act 1984 (Record no. 108015)

MARC details
000 -LEADER
fixed length control field 01496cad a22002775a 4500
001 - CONTROL NUMBER
control field L142922
008 - FIXED-LENGTH DATA ELEMENTS--GENERAL INFORMATION
fixed length control field 080319s2008 xxk f g000 0 eng d
020 ## - INTERNATIONAL STANDARD BOOK NUMBER
International Standard Book Number 9780117539914
035 ## - SYSTEM CONTROL NUMBER
System control number (Sirsi) u142922
041 0# - LANGUAGE CODE
Language code of text/sound track or separate title eng
050 04 - LIBRARY OF CONGRESS CALL NUMBER
Classification number 692.2 $2 18
110 1# - MAIN ENTRY--CORPORATE NAME
Corporate name or jurisdiction name as entry element United Kingdom
Subordinate unit Department for Communities and Local Government
9 (RLIN) 4939
245 04 - TITLE STATEMENT
Title The Building Act 1984
Remainder of title the Building Regulations 2000
-- designation of certain provisions of the Building Regulations for breaches of which a longer time limit for prosecution applies
-- further provisions for self-certification
Medium [electronic resource]
260 ## - PUBLICATION, DISTRIBUTION, ETC.
Place of publication, distribution, etc. London
Name of publisher, distributor, etc. TSO
Date of publication, distribution, etc. 2008
490 #0 - SERIES STATEMENT
Series statement DCLG Circular
Volume/sequential designation 03/2008
520 ## - SUMMARY, ETC.
Summary, etc. Draws attention to the Building (Amendment) Regulations 2008 (L142923). The Regulations extend the time from six months to two years within which local authorities can bring prosecutions for breaches of designated Building Regulations provisions relating to climate change. The annex to the Circular tabulates the changes made to the Building Regulations by the 2008 Regulation.
521 2# - TARGET AUDIENCE NOTE
Target audience note Advanced
590 ## - LOCAL NOTE (RLIN)
Local note KA
650 24 - SUBJECT ADDED ENTRY--TOPICAL TERM
Topical term or geographic name entry element DCLG CIRCULAR 03/2008
650 24 - SUBJECT ADDED ENTRY--TOPICAL TERM
Topical term or geographic name entry element BUILDING (AMENDMENT) REGULATIONS 2008
650 24 - SUBJECT ADDED ENTRY--TOPICAL TERM
Topical term or geographic name entry element BUILDING REGULATIONS 2000
651 #4 - SUBJECT ADDED ENTRY--GEOGRAPHIC NAME
Geographic name England and Wales
Chronological subdivision 1543-
690 ## - LOCAL SUBJECT ADDED ENTRY--TOPICAL TERM (OCLC, RLIN)
Topical term or geographic name as entry element Building regulations
9 (RLIN) 6224
856 40 - ELECTRONIC LOCATION AND ACCESS
Uniform Resource Identifier <a href="https://www.communities.gov.uk/publications/planningandbuilding/circular032008">https://www.communities.gov.uk/publications/planningandbuilding/circular032008</a>
Public note View the Circular free of charge at www.communities.gov.uk...
942 ## - ADDED ENTRY ELEMENTS (KOHA)
Suppress in OPAC 0
Holdings
Withdrawn status Lost status Source of classification or shelving scheme Damaged status Not for loan Home library Current library Shelving location Date acquired Total Checkouts Full call number Barcode Date last seen Copy number Price effective from Koha item type
    Dewey Decimal Classification     Virtual Virtual Online 19/03/2008   ONLINE PUBLICATION 142922-2001 06/08/2019 1 06/08/2019 Book